000 00366nam a22001457a 4500
003 OSt
008 110411b xxu||||| |||| 00| 0 eng d
100 1 _aGibbons, Stanley
020 _a9780852591376
041 _aeng
245 1 0 _aStamp Catalogue: British Commonwealth Pt. 1
260 _aUS
_bStanley Gibbons Limited
300 _a976 pages
700 1 _aAggersberg, D.J.
999 _c243
_d243